000 00963pam a2200289 a 4500
999 _c7032
_d7032
001 7032
003 BD-JhCC
005 20180204114043.0
008 960424s1996 cau 000 0 eng
020 _a1568590350 (pbk. : alk. paper)
035 _a(BD-JhCC)7032
040 _aDLC
_cDLC
_dDLC
_d(BD-JhCC)
041 1 _aeng
_hper
050 0 0 _aPK6456
_b.A1L4 1996
082 0 0 _a891/.5511
_220
_bFIR 1966
100 1 _aFirdawsī.
240 1 0 _aShāhnāmah.
245 1 4 _aThe epic of the kings :
_bShāh-nāma, the national epic of Persia /
_cFerdowsi ; an abridged translation by Reuben Levy ; with a foreword by Ehsan Yarshater, a preface by Amin Banani, and and a new introduction by Dick Davis.
250 _a2nd ed.
260 _aCosta Mesa, Calif. :
_bMazda,
_cc1996.
300 _axlvi, 423 p. ;22 cm.
440 0 _aPersian heritage series ;
_vno. 2
650 _aKings Administration
700 1 _aLevy, Reuben.
942 _2ddc
_cBK